Normal view
MARC view
- Science -- Encyclopedias, Juvenile. Science -- Encyclopedias. Science
Entry Topical Term
001 - CONTROL NUMBER
- control field: 88875
003 - CONTROL NUMBER IDENTIFIER
- control field: NUST
005 - DATE AND TIME OF LATEST TRANSACTION
- control field: 20220208100400.0
008 - FIXED-LENGTH DATA ELEMENTS
- fixed length control field: 220208|| aca||aabn | a|a d
040 ## - CATALOGING SOURCE
- Original cataloging agency: NUST
- Transcribing agency: NUST
150 ## - HEADING--TOPICAL TERM
- Topical term or geographic name entry element: Science -- Encyclopedias, Juvenile. Science -- Encyclopedias. Science
670 ## - SOURCE DATA FOUND
- Source citation: Work cat.: (NUST)586430: Robson, Kirsteen 82258, The Usborne Science Encyclopedia:, 2015.
